[Event "Elista ol (Men)"]
[Site "Elista"]
[Date "1998.10.11"]
[Round "12"]
[White "Dervishi, Erald"]
[Black "Jacimovic, Dragoljub"]
[Result "1/2-1/2"]
[WhiteElo "2430"]
[BlackElo "2490"]

1.e4 e6 2.d4 d5 3.Nd2 Be7 4.Ngf3 Nf6 5.Bd3 c5 6.e5 Nfd7 7.c3 Nc6 8.O-O cxd4
9.cxd4 a5 10.a4 Nb4 11.Bb5 O-O 12.Nb3 Nb8 13.Bd2 N8c6 14.Qe2 Na7 15.Bxb4 Bxb4
16.Bd3 Be7  1/2-1/2

[Event "Elista ol (Men)"]
[Site "Elista"]
[Date "1998.10.12"]
[Round "13"]
[White "Nedev, Trajce"]
[Black "Kovacevic, Vlatko"]
[Result "1-0"]
[WhiteElo "2435"]
[BlackElo "2520"]

1.e4 e6 2.d4 d5 3.Nd2 Nc6 4.Ngf3 Nf6 5.e5 Nd7 6.Bd3 Nb4 7.Be2 c5 8.c3 Nc6
9.O-O a5 10.a4 cxd4 11.cxd4 f6 12.exf6 Nxf6 13.Nb3 Bd6 14.Bg5 O-O 15.Rc1 h6
16.Bh4 Bf4 17.Ra1 b6 18.Re1 Bd7 19.Nc1 g5 20.Bg3 Ne4 21.Nd3 Nxg3 22.hxg3 Bd6
23.Qd2 Qf6 24.Qe3 Qg7 25.Nfe5 Nxe5 26.Nxe5 Bxe5 27.dxe5 Rab8 28.b3 Rfc8 29.Rac1 Qe7
30.Rxc8+ Bxc8 31.Rc1 Bd7 32.Rc7 Qd8 33.Ra7 Rc8 34.Qd3 Rc1+ 35.Kh2 Qe8 36.Qd2 Ra1
37.f4 gxf4 38.Qxf4 Re1 39.Qg4+ Kh8 40.Bb5  1-0

[Event "Elista ol (Men)"]
[Site "Elista"]
[Date "1998.10.12"]
[Round "13"]
[White "Ye Jiangchuan"]
[Black "Seirawan, Yasser"]
[Result "0-1"]
[WhiteElo "2510"]
[BlackElo "2630"]

1.e4 e6 2.d4 d5 3.Nd2 Be7 4.Bd3 Nc6 5.c3 dxe4 6.Bxe4 Nf6 7.Bf3 O-O 8.Nc4 Nb8
9.b4 Nbd7 10.Ne2 Rb8 11.O-O b6 12.b5 Nd5 13.Qb3 Bb7 14.Rd1 c5 15.Ne5 Nxe5
16.dxe5 c4 17.Qxc4 Rc8 18.Qb3 Qc7 19.Bb2 Rfd8 20.h3 h6 21.Rd2 Bg5 22.Rd4 Ne3
23.Bxb7 Qxb7 24.fxe3 Bxe3+ 25.Kh1 Bxd4 26.Nxd4 Qe4 27.Ba3 Rd5 28.Bd6 Qd3
29.Nc6 Rxb5 30.Ne7+ Kh7 31.Qa4 Rxc3 32.Qf4 Rb1+ 33.Rxb1 Qxb1+ 34.Kh2 Rc1
35.Qxf7 Rh1+ 36.Kg3 Qe1+ 37.Qf2 Qc1 38.Qf4 Qe1+ 39.Qf2 Qxf2+ 40.Kxf2 Rc1
41.a3 g5 42.Ke3 b5 43.Kd2 Rc4 44.Kd3 h5 45.a4 a6 46.axb5 axb5 47.g4 hxg4
48.hxg4 Kg7 49.Ba3 Rxg4  0-1

[Event "Cap d'Agde-A"]
[Site "Cap d'Agde"]
[Date "1998.10.25"]
[Round "1"]
[White "Rogers, Ian"]
[Black "Hamdouchi, Hichem"]
[Result "1-0"]
[WhiteElo "2605"]
[BlackElo "2555"]

1.d4 e6 2.e4 d5 3.Nd2 a6 4.Ngf3 c5 5.dxc5 Bxc5 6.Bd3 Nf6 7.O-O O-O 8.e5 Nfd7
9.Nb3 Be7 10.c3 Nc6 11.Re1 f6 12.exf6 Nxf6 13.Nbd4 Nxd4 14.cxd4 Bd7 15.Bg5 Nh5
16.Ne5 Be8 17.Be3 Bb4 18.Re2 Nf4 19.Bxf4 Rxf4 20.g3 Rf8 21.Qb3 Qe7 22.a3 Bd6
23.Rae1 Bh5 24.Re3 g5 25.Be2 Bxe2 26.R3xe2 Qg7 27.Qb6 Rad8 28.Nd3 Qg6 29.Nc5 Bxc5
30.dxc5 d4 31.Qxe6+ Qxe6 32.Rxe6 d3 33.Rd1 Rf5 34.b4 d2 35.Kf1 Rf3 36.Rd6 Rxd6
37.cxd6 Rd3 38.Ke2 Rxd6 39.Rxd2 Rh6 40.Rd8+ Kf7 41.Rd7+ Ke6 42.Rxb7 Rxh2
43.Rb6+ Ke5 44.Rxa6 Rh1 45.b5 h5 46.b6 Rb1 47.a4 Ke4 48.f3+ Kd4 49.Ra5 Rb2+
50.Kf1 Rxb6 51.Rxg5 Ke3 52.Rb5 Ra6 53.Rb3+ Kd4 54.Ra3 Ra5 55.Kg2 Kc4 56.Kh3 Kb4
57.Ra1 Kc3 58.f4  1-0

[Event "Panormo zt"]
[Site "Panormo"]
[Date "1998.10.27"]
[Round "4"]
[White "Solak, Dragan"]
[Black "Drasko, Milan"]
[Result "1-0"]
[WhiteElo "2425"]
[BlackElo "2515"]

1.e4 e6 2.d4 d5 3.Nd2 Be7 4.Bd3 c5 5.dxc5 Nf6 6.exd5 Qxd5 7.Ngf3 Nbd7 8.b4 a5
9.Bc4 Qc6 10.c3 b6 11.O-O bxc5 12.b5 Qc7 13.Bd3 Bb7 14.Re1 O-O 15.c4 Rfd8
16.Qc2 Nf8 17.Bb2 N6d7 18.Be4 f6 19.Rad1 Nb6 20.Nf1 Bxe4 21.Qxe4 Rxd1 22.Rxd1 Rd8
23.Rxd8 Qxd8 24.Bc3 f5 25.Qe2 Qa8 26.N1d2 Na4 27.Be5 Qd8 28.Qe3 Ng6 29.Ba1 Qd6
30.Be5 Qd7 31.g3 Kf7 32.h4 Bf6 33.Bxf6 gxf6 34.Qa3 e5 35.Qxa4 e4 36.Qxa5 exf3
37.b6 Ne7 38.Nxf3 f4 39.Qxc5 Qd3 40.Kg2 Qe4  1-0

[Event "Hampstead GM4"]
[Site "Hampstead"]
[Date "1998.10.28"]
[Round "4"]
[White "Gormally, Daniel"]
[Black "Wall, Tim"]
[Result "1/2-1/2"]
[WhiteElo "2400"]
[BlackElo "2370"]

1.d4 e6 2.e4 d5 3.Nd2 Be7 4.Ngf3 Nf6 5.Bd3 c5 6.e5 Nfd7 7.c3 Nc6 8.O-O cxd4
9.cxd4 Nb6 10.Re1 a5 11.Nf1 Bd7 12.Ng3 h5 13.Ne2 Rc8 14.Nc3 Na7 15.Be3 Nc4
16.Bxc4 Rxc4 17.Nd2 Rc8 18.f4 g6 19.Nf3 Qb6 20.Rb1 Qa6 21.f5 gxf5 22.Bg5 Bxg5
23.Nxg5 Qb6 24.Qd2 Nc6 25.Nf3 Ne7 26.Qg5 Ng6 27.Qf6 Qd8 28.Qg7 Qe7 29.Rbc1 Kd8
30.h4 Qf8 31.Qf6+ Qe7 32.Qg7 Qf8 33.Qf6+ Qe7 34.Qg7  1/2-1/2

[Event "Wch U16"]
[Site "Oropesa del Mar"]
[Date "1998.10.30"]
[Round "5"]
[White "Kang Chuanqi"]
[Black "Kekenj, Aleksandar"]
[Result "1-0"]
[WhiteElo "2315"]
[BlackElo "2215"]

1.e4 e6 2.d4 d5 3.Nd2 Nc6 4.Ngf3 Nf6 5.e5 Nd7 6.Bd3 Nb4 7.Be2 c5 8.c3 Nc6
9.O-O cxd4 10.cxd4 Qb6 11.Nb3 a5 12.a4 Be7 13.Ng5 Nb4 14.Bd3 Nxd3 15.Qxd3 Bxg5
16.Bxg5 O-O 17.Be7 Re8 18.Bd6 Nb8 19.Rfe1 Bd7 20.Re3 f5 21.Nc5 Bc6 22.Nxe6 Rxe6
23.Qxf5 Rxd6 24.exd6 Nd7 25.Re7 Qd8 26.Qf7+  1-0

[Event "Donetzk zt"]
[Site "Donetsk"]
[Date "1998.11.03"]
[Round "2"]
[White "Moroz, Alexander"]
[Black "Malaniuk, Vladimir P"]
[Result "1/2-1/2"]
[WhiteElo "2490"]
[BlackElo "2590"]

1.e4 e6 2.d4 d5 3.Nd2 Be7 4.c3 dxe4 5.Nxe4 Nf6 6.Nxf6+ Bxf6 7.Nf3 Nd7 8.Bd3 c5
9.Be3 Qc7 10.O-O O-O 11.Ng5 Bxg5 12.Bxg5 h6 13.Be3 cxd4 14.Bxd4 e5 15.Be3 Nf6
16.Qf3 e4 17.Bxe4 Bg4 18.Qf4 Qxf4 19.Bxf4 Nxe4  1/2-1/2

[Event "Wch U16"]
[Site "Oropesa del Mar"]
[Date "1998.11.03"]
[Round "8"]
[White "Szymanski, Marcin"]
[Black "Leal, Joao Victor"]
[Result "1-0"]
[WhiteElo "2295"]
[BlackElo "2030"]

1.e4 e6 2.d4 d5 3.Nd2 Nc6 4.Ngf3 Nf6 5.e5 Nd7 6.c3 f6 7.exf6 Qxf6 8.Nb3 e5
9.dxe5 Ndxe5 10.Nxe5 Qxe5+ 11.Be3 Bd6 12.Qd2 O-O 13.O-O-O Ne7 14.Re1 Qf5
15.Bd3 Qf7 16.Nd4 a6 17.Kb1 Nf5 18.Qc2 g6 19.Nxf5 Bxf5 20.h4 Bxd3 21.Qxd3 Qf5
22.Qxf5 Rxf5 23.g4 Rf7 24.h5 Bf8 25.hxg6 hxg6 26.Bd4 Bg7 27.Re6 Bxd4 28.cxd4 Kg7
29.g5 Rh8 30.Rxh8 Kxh8 31.Re8+ Kg7 32.Rb8 c6 33.a4 Rxf2 34.Rxb7+ Kf8 35.Rb6 Rf4
36.Rxc6 Rxd4 37.Rxa6 Rg4 38.Rxg6 Kf7 39.Rf6+ Ke7 40.a5 Rxg5 41.Rb6 Kd7 42.Kc2 Kc7
43.Kd3  1-0

[Event "Donetzk zt"]
[Site "Donetsk"]
[Date "1998.11.08"]
[Round "6"]
[White "Brodsky, Michail"]
[Black "Moskalenko, Viktor"]
[Result "1-0"]
[WhiteElo "2525"]
[BlackElo "2500"]

1.e4 e6 2.d4 d5 3.Nd2 a6 4.Bd3 c5 5.dxc5 Nf6 6.Qe2 Bxc5 7.Ngf3 Nc6 8.a3 Qc7
9.O-O Ba7 10.b4 Nd4 11.Nxd4 Bxd4 12.Ra2 e5 13.c4 Bg4 14.Qe1 dxe4 15.Nxe4 Nxe4
16.Qxe4 Be6 17.Rc2 f5 18.Qe2 O-O 19.c5 Kh8 20.Be3 Rad8 21.Bc4 Bxc4 22.Rxc4 Bxe3
23.fxe3 Qd7 24.Rcc1 Qd3 25.Qxd3 Rxd3 26.Rcd1 Rxe3 27.Rxf5 Kg8 28.Rxf8+ Kxf8
29.Rd7 Rxa3 30.Rxb7 Rc3 31.Kf2 h5 32.Ke2 e4 33.Kd2 Rc4 34.h4 Kg8 35.Ke3 Kh7
36.Re7 a5 37.Rxe4 Rc3+ 38.Kd4 axb4 39.Re2 g5 40.hxg5 Kg6 41.Rb2 Kxg5 42.Rxb4 Rc2
43.g3 Rd2+ 44.Kc4 Rc2+ 45.Kd5 Rc3 46.c6 Kf6 47.Rc4  1-0

[Event "AUT-chT2M 9899"]
[Site "Austria"]
[Date "1998.11.29"]
[Round "3"]
[White "Wallner, Alfred"]
[Black "Marwan, David"]
[Result "0-1"]
[WhiteElo "2270"]
[BlackElo "2110"]

1.e4 e6 2.d4 d5 3.Nd2 Nc6 4.Ngf3 Nf6 5.e5 Nd7 6.Be2 f6 7.exf6 Qxf6 8.Nf1 Bd6
9.Ne3 O-O 10.O-O Nb6 11.Ng4 Qd8 12.g3 Qe8 13.Ne3 Kh8 14.Kg2 e5 15.dxe5 Nxe5
16.Nxd5 Qc6 17.Nxe5 Bxe5 18.Bf3 Nxd5 19.Bxd5 Qf6 20.Qh5 Bf5 21.Bxb7 Rab8
22.Bg5 Qb6 23.Bd5 Bxb2 24.Rad1 Bxc2 25.Rd2 Bg6 26.Qg4 Bc3 27.Be3 Qa5 28.Rdd1 Rbd8
29.Bb3 Rxd1 30.Rxd1 Bh5 31.Qf4 Bb4 32.Rd5 Qxd5+ 33.Bxd5 Rxf4 34.Bxf4 c5 35.Bc4 h6
36.Bb8 a5 37.Be5 Kh7 38.f3 Be8 39.h4 Bc6 40.Kf2 Kg6 41.g4 Kh7 42.h5 Ba4 43.Ke3 Bc6
44.f4 Bd7 45.f5 Ba3 46.Bc7 Bc1+ 47.Ke4 Bc6+ 48.Bd5 Bb5 49.Bxa5 Be2 50.a4 Bxg4
51.Bb6 Bxh5 52.a5 Be2 53.Bb7 Bb2 54.Ke3 Bb5 55.Bd8 c4 56.Kd2 Be5 57.Be4 Kg8
58.Bd5+ Kf8 59.Bb6 Ke7 60.Ke3 Kd6 61.Be4 Ba6 62.Bd4 h5 63.Ba7 Bf6 64.Kf4 h4
65.Kg4 Ke5 66.Bc2 Bc8 67.Bb8+ Kd4 68.Kh5 Bb7 69.Kg6 h3 70.Ba4 c3 71.Bc2 Ke3  0-1

[Event "National Congress 29th"]
[Site "Philadelphia"]
[Date "1998.11.29"]
[Round "6"]
[White "Sarkar, Justin"]
[Black "Privman, Boris"]
[Result "1-0"]
[WhiteElo "2195"]
[BlackElo "2260"]

1.e4 e6 2.d4 d5 3.Nd2 Nc6 4.Ngf3 Nf6 5.e5 Nd7 6.Be2 f6 7.exf6 Qxf6 8.Nf1 Bd6
9.Ne3 O-O 10.O-O Re8 11.Ng4 Qf8 12.Re1 Nf6 13.Nge5 Ne7 14.Bd3 c5 15.c3 cxd4
16.cxd4 Bb4 17.Bd2 Nf5 18.g4 Bxd2 19.Qxd2 Nd6 20.Ng5 Qe7 21.Rac1 h6 22.Nh3 Nf7
23.Bg6 Nxe5 24.dxe5 Ne4 25.Bxe4 dxe4 26.Rxe4 Rd8 27.Rd4 Rxd4 28.Qxd4 Bd7
29.g5 Bc6 30.Qg4 Kh7 31.Rd1 Rd8 32.Rxd8 Qxd8 33.gxh6 gxh6 34.Nf4 Be4 35.Nxe6 Qg8
36.Qxg8+ Kxg8 37.Nd4 Kf7 38.f4  1-0

[Event "Yangon zt"]
[Site "Yangon"]
[Date "1998.12.10"]
[Round "3"]
[White "Myint Han"]
[Black "Nadera, Barlo A"]
[Result "0-1"]
[WhiteElo "2260"]
[BlackElo "2400"]

1.e4 e6 2.d4 d5 3.Nd2 a6 4.Ngf3 Nf6 5.Bd3 c5 6.e5 Nfd7 7.c3 Nc6 8.b3 Be7
9.O-O cxd4 10.cxd4 Qb6 11.Bb2 g5 12.h3 Nf8 13.Re1 Bd7 14.Nf1 O-O-O 15.Ne3 h5
16.a3 Kb8 17.b4 f6 18.exf6 Bxf6 19.Ne5 Be8 20.Qf3 Be7 21.Nf7 Bxf7 22.Qxf7 Rc8
23.Rac1 Qd8 24.Rc2 Bf6 25.Bg6 Rh6 26.Nxd5 exd5 27.Bf5 Rc7 28.Qe8 Re7 29.Qxd8+ Nxd8
30.Rc8+ Ka7 31.Rec1 Nfe6 32.Re1 Ng7 33.Rxe7 Bxe7 34.Bd7 Rd6 35.Ba4 Nde6 36.Rh8 Nf4
37.Bd1 Re6 38.Kf1 Nd3 39.Bc3 Rf6 40.f3 h4 41.Bd2 Nf5 42.Ke2 Nb2 43.Bc3 Re6+
44.Kd2 Nc4+ 45.Kc1 Nxa3 46.Bb3 Rc6 47.Kd2 Nb1+  0-1

[Event "Padova op"]
[Site "Padova"]
[Date "1998.12.13"]
[Round "2"]
[White "Godena, Michele"]
[Black "Quinn, Mark"]
[Result "1-0"]
[WhiteElo "2510"]
[BlackElo "2350"]

1.e4 e6 2.d4 d5 3.Nd2 Be7 4.Ngf3 Nf6 5.Bd3 b6 6.c3 dxe4 7.Nxe4 Bb7 8.Nxf6+ gxf6
9.Qe2 Nd7 10.Bf4 Bd6 11.Bg3 Qe7 12.Be4 c6 13.Nd2 Rc8 14.Bf3 Bb8 15.O-O-O f5
16.Qe3 Qf6 17.Bf4 Bxf4 18.Qxf4 Ba6 19.Rhe1 Rg8 20.h4 Kf8 21.g3 Kg7 22.Bh5 c5
23.Nf3 cxd4 24.Qxd4 Qxd4 25.Rxd4 Nf6 26.Bxf7 Kxf7 27.Ra4 Bb7 28.Rxa7 Rc7
29.Ng5+ Rxg5 30.hxg5 Ne4 31.f4 Nc5 32.Rd1 Ke7 33.Rd4 Ke8 34.Kd2 Ne4+ 35.Ke3 Nxg3
36.Rd6 Re7 37.Rxb6 Bd5 38.Rxe7+ Kxe7 39.a4 Kd7 40.a5  1-0

[Event "Skopje op"]
[Site "Skopje"]
[Date "1998.12.17"]
[Round "6"]
[White "Spasov, Vasil"]
[Black "Jacimovic, Dragoljub"]
[Result "1-0"]
[WhiteElo "2595"]
[BlackElo "2490"]

1.e4 e6 2.d4 d5 3.Nd2 Be7 4.c3 dxe4 5.Nxe4 Nf6 6.Bd3 Nbd7 7.Nf3 c5 8.O-O O-O
9.Nxf6+ Nxf6 10.Bf4 b6 11.Qe2 Bb7 12.dxc5 Bxc5 13.Rad1 Qc8 14.Ne5 Rd8 15.Bg3 Rd5
16.Rfe1 Qe8 17.Bc4 Rxd1 18.Rxd1 a6 19.Bb3 b5 20.Bh4 Nd5 21.Bc2 Be7 22.Bxe7 Qxe7
23.Qd3 g6 24.Qd4 Qf6 25.g3 Kg7 26.Be4 Rd8 27.Bg2 Re8 28.h4 h5 29.Rd3 Qe7
30.Nc6+ Qf6 31.Ne5 Qe7 32.Ng4+ f6 33.Ne3 Rd8 34.Qa7 Rd7 35.Nxd5 Bxd5 36.Qxa6 Bxg2
37.Rxd7 Qxd7 38.Kxg2 Qd5+ 39.Kg1 Qd1+ 40.Kg2 Qd5+ 41.Kh2 g5 42.hxg5 fxg5
43.a4 Qf3 44.Qa7+ Kg6 45.axb5 h4 46.Qb6 hxg3+ 47.fxg3 Qe2+ 48.Kg1 Qd1+ 49.Kg2 Qd5+
50.Kf2 Qd2+ 51.Kf3 Qd1+ 52.Ke4 Qe2+ 53.Qe3 Qxb5 54.Qd3 Qxb2 55.Ke5+ Kh5 56.Qf3+ Kg6
57.g4 Qb8+ 58.Kxe6 Qc8+ 59.Kd6 Qd8+ 60.Kc5 Qa5+ 61.Kc4 Qa2+ 62.Kb4 Qb2+ 63.Kc5 Qa3+
64.Kb6 Qb3+ 65.Kc7 Qc4+ 66.Qc6+  1-0

[Event "Islington Congress"]
[Site "Islington"]
[Date "1998.12.19"]
[Round "?"]
[White "Gormally, Daniel"]
[Black "Plaskett, Jim"]
[Result "1-0"]
[WhiteElo "2400"]
[BlackElo "2455"]

1.d4 e6 2.e4 d5 3.Nd2 a6 4.Ngf3 c5 5.exd5 exd5 6.dxc5 Bxc5 7.Nb3 Ba7 8.Bg5 Nf6
9.Bd3 O-O 10.O-O Nc6 11.c3 h6 12.Bh4 g5 13.Bg3 Ne4 14.Nfd4 Re8 15.Bxe4 Rxe4
16.f3 Re8 17.f4 Nxd4 18.Nxd4 g4 19.f5 Qg5 20.Bf4 Qxf5 21.Bxh6 Qg6 22.Qd2 Re4
23.Bg5 Bf5 24.Be3 Bd7 25.Bg5 Bf5 26.Rf2 Re5 27.Bf4 Re4 28.Raf1 Rae8 29.Bg3 Rxd4
30.cxd4 Bd3 31.Re1 Rxe1+ 32.Qxe1 Bxd4 33.Qe8+ Kh7 34.Be5 Bxf2+ 35.Kxf2 Qf5+
36.Kg3 f6 37.Qf7+  1-0

[Event "Stavanger op 9899"]
[Site "Stavanger"]
[Date "1998.12.26"]
[Round "1"]
[White "Fossan, Erik"]
[Black "Ferkingstad, Sjur"]
[Result "1-0"]
[WhiteElo "2400"]
[BlackElo "2075"]

1.e4 e6 2.d4 d5 3.Nd2 a6 4.Bd3 Nf6 5.e5 Nfd7 6.c3 c5 7.Ne2 Nc6 8.O-O Be7
9.Nf3 cxd4 10.cxd4 f6 11.Nf4 Nf8 12.Re1 f5 13.a3 g5 14.Ne2 g4 15.Nd2 h5 16.b4 Ng6
17.Nb3 Kf7 18.Nf4 Bg5 19.Nxg6 Kxg6 20.Be3 Kf7 21.Qd2 Rg8 22.Rec1 h4 23.Rc2 Bxe3
24.fxe3 Qe7 25.Nc5 b6 26.Nxa6 Nxe5 27.Nc7 Ra7 28.Nb5 Nxd3 29.Nxa7 Qxa7 30.Qxd3 Ba6
31.b5 Bc8 32.Rac1 Qb8 33.Rc7+ Kf6 34.Qc3 Bb7 35.Qb4 Re8 36.Qd6 Ba8 37.Qe5+ Kg6
38.Qg7+  1-0

[Event "UKR-chT"]
[Site "Alushta"]
[Date "1998.??.??"]
[Round "?"]
[White "Aslanian, Ludmila K"]
[Black "Korovashkin, Maxim"]
[Result "1-0"]
[WhiteElo "2145"]
[BlackElo "2275"]

1.e4 e6 2.d4 d5 3.Nd2 Nc6 4.Ngf3 Nf6 5.e5 Nd7 6.Be2 f6 7.exf6 Qxf6 8.Nf1 Bd6
9.Ne3 O-O 10.O-O Qf7 11.b3 Ne7 12.Ng4 Ng6 13.Ng5 Qe8 14.g3 c5 15.c3 Nf6 16.f4 cxd4
17.cxd4 Bd7 18.Ne5 h6 19.Ngf3 Ne4 20.Bd3 Bxe5 21.dxe5 Bb5 22.Bxb5 Qxb5 23.Nd4 Qd7
24.Qg4 Kh7 25.Qxe6 Rfd8 26.Qxd7 Rxd7 27.Ba3 a6 28.Rac1 b5 29.Rc6 Rb7 30.Rfc1 b4
31.Bb2 a5 32.Rc7 Raa7 33.Rxb7 Rxb7 34.Nc6 Rb5 35.f5 Nf8 36.e6 Nd6 37.g4  1-0

[Event "Arco op"]
[Site "Arco"]
[Date "1998.??.??"]
[Round "2"]
[White "Luciani, Carlo"]
[Black "Lovati, Paolo"]
[Result "1-0"]
[WhiteElo "2240"]
[BlackElo "2050"]

1.e4 e6 2.d4 d5 3.Nd2 Nc6 4.Ngf3 Nf6 5.e5 Nd7 6.Be2 Be7 7.Nf1 Ncb8 8.Ne3 c5
9.dxc5 Nc6 10.c4 dxc4 11.Nxc4 Nxc5 12.Qxd8+ Nxd8 13.Nd4 O-O 14.O-O b6 15.Be3 Bb7
16.Rfc1 Rc8 17.Nb5 Ba6 18.Ncd6 Bxd6 19.Nxd6 Rc7 20.Rxc5 Rxc5 21.Bxa6 Rxe5
22.Rc1 Ra5 23.Bc4 Nc6 24.Bb5 Ne5 25.a4  1-0

[Event "AUT-chT 9899"]
[Site "AUT"]
[Date "1998.??.??"]
[Round "?"]
[White "Wittmann, Walter"]
[Black "Netolitzky, Gregor"]
[Result "1-0"]
[WhiteElo "2375"]
[BlackElo "2215"]

1.e4 e6 2.d4 d5 3.Nd2 a6 4.Ngf3 c5 5.dxc5 Bxc5 6.Bd3 Nc6 7.a3 Nf6 8.Qe2 Nd4
9.Nxd4 Bxd4 10.O-O Qc7 11.c3 Be5 12.h3 Bd7 13.Re1 dxe4 14.Nxe4 Bc6 15.Ng5 Bh2+
16.Kh1 O-O 17.Nf3 Bf4 18.Ne5 Bxc1 19.Raxc1 Rad8 20.b4 Rd6 21.c4 Rd4 22.b5 Be4
23.Bxe4 Rxe4 24.Qb2 Rd8 25.Rxe4 Nxe4 26.bxa6 bxa6 27.Nf3 Qc5 28.Kg1 h6 29.a4 f5
30.Qe2 Kh7 31.Qe3 Qxe3 32.fxe3 Nc5 33.Nd4 Rb8 34.a5 Rb2 35.Rd1 Kg6 36.Nc6 Rc2
37.Rd6 Kf6 38.Nb4 Rc1+ 39.Kh2 Rxc4 40.Nxa6 Ke5 41.Rc6 Kd5 42.Rxc5+ Rxc5 43.e4+ Kc4
44.Nxc5 Kxc5 45.exf5 exf5 46.Kg3 g5 47.Kf3 Kb5 48.Ke3 Kxa5 49.Kd4 Kb5 50.Ke5 Kc5
51.Kxf5 Kd5 52.g4  1-0

[Event "Bayern-ch Bank Hofmann 2nd"]
[Site "Bad Wiesse"]
[Date "1998.??.??"]
[Round "4"]
[White "Schneider, Attila"]
[Black "Mainka, Gregor"]
[Result "0-1"]
[WhiteElo "2150"]
[BlackElo "2340"]

1.e4 e6 2.d4 d5 3.Nd2 a6 4.Ngf3 c5 5.dxc5 Bxc5 6.Bd3 Nc6 7.O-O Nge7 8.a3 O-O
9.b4 Ba7 10.c4 Ng6 11.Re1 Nge5 12.Nxe5 Nxe5 13.Be2 Qf6 14.c5 Ng4 15.Bxg4 Qxa1
16.Bf3 Qd4 17.Nb3 Qxd1 18.Rxd1 Bd7 19.exd5 Ba4 20.Rd3 exd5 21.Bxd5 Rad8 22.Na5 Bc6
23.Nxc6 bxc6 24.Bc4 Rxd3 25.Bxd3 a5 26.Kf1 axb4 27.axb4 Re8 28.Be3 g6 29.b5 cxb5
30.Bxb5 Re5 31.c6 Bxe3 32.c7 Rc5 33.fxe3 Rxc7 34.Kf2 Kg7 35.Kf3 Rc5 36.Ba6 f5
37.e4 Ra5 38.Bb7 Rb5 39.Bc6 Rc5 40.Bd7 Rc3+  0-1

[Event "Regionalliga NO9798"]
[Site "Bayern"]
[Date "1998.??.??"]
[Round "?"]
[White "Teslia, Vladimir"]
[Black "Susanu, Marius"]
[Result "1-0"]
[WhiteElo "2195"]
[BlackElo "2030"]

1.e4 e6 2.d4 d5 3.Nd2 a6 4.Ngf3 c5 5.exd5 exd5 6.dxc5 Bxc5 7.Nb3 Bd6 8.Bg5 Be7
9.Bxe7 Qxe7+ 10.Be2 Nf6 11.O-O O-O 12.Re1 Qc7 13.c3 Bg4 14.Nfd4 Bxe2 15.Qxe2 Nc6
16.Nxc6 Qxc6 17.Nd4 Qb6 18.Qc2 Rae8 19.f3 g6 20.Rad1 Rxe1+ 21.Rxe1 Re8 22.Rxe8+ Nxe8
23.Qb3 Qxb3 24.axb3 Kf8 25.Kf2 Ke7 26.Ke3 Kd6 27.h4 Ng7 28.b4 h6 29.g4 g5
30.hxg5 hxg5 31.f4 gxf4+ 32.Kxf4 Ne6+ 33.Kf5 Nc7 34.Kf6 b6 35.Nf5+ Kc6 36.Ke7 Ne6
37.Nd4+ Nxd4 38.cxd4 Kb5 39.g5 Kc4 40.Kxf7 Kxd4 41.g6  1-0

[Event "Regionalliga SO9798"]
[Site "Bayern"]
[Date "1998.??.??"]
[Round "?"]
[White "Roth, Peter2"]
[Black "Riehl, Joerg"]
[Result "1/2-1/2"]
[WhiteElo "1965"]
[BlackElo "2010"]

1.e4 e6 2.d4 d5 3.Nd2 Nc6 4.c3 dxe4 5.Nxe4 Qd5 6.Qc2 e5 7.dxe5 Nxe5 8.c4 Qa5+
9.Bd2 Bb4 10.Bxb4 Qxb4+ 11.Qc3 Qxc3+ 12.Nxc3 Be6 13.b3 O-O-O 14.Rd1 Nf6 15.f3 Bf5
16.Be2 Rxd1+ 17.Kxd1 Re8 18.g4 Bd3 19.h4 Bxe2+ 20.Ncxe2 Nfd7 21.Nd4 Nc5 22.Kc2 Ned3
23.a3 Rd8 24.Nge2 Ne5 25.g5 Re8 26.Rf1 Ne6 27.Nxe6 Rxe6 28.Nd4 Ra6 29.a4 Ng6
30.Rh1 Nf4 31.Re1 Kd7 32.Re4 Ne6 33.Nxe6 Rxe6 34.Rd4+ Ke7 35.Kd3 Rd6 36.b4 Rxd4+
37.Kxd4 c6 38.h5 f5 39.gxf6+ Kxf6 40.Ke4 g6 41.hxg6 Kxg6 42.Ke5 h5 43.f4 h4
44.Ke6 h3 45.f5+ Kg5 46.f6 h2 47.f7 h1=Q 48.f8=Q Qe4+ 49.Kd7 Qxc4 50.Qc5+ Qd5+
51.Kc7 a5 52.Qxa5 Qxa5+ 53.bxa5 c5  1/2-1/2

[Event "Regionalliga SW9798"]
[Site "Bayern"]
[Date "1998.??.??"]
[Round "?"]
[White "Jicman, Ligia"]
[Black "Mueller, Christian"]
[Result "1-0"]
[WhiteElo "2195"]
[BlackElo "2190"]

1.e4 e6 2.d4 d5 3.Nd2 Nc6 4.Ngf3 Nf6 5.e5 Nd7 6.c3 b6 7.Bd3 a5 8.Qe2 Ncb8
9.O-O Ba6 10.c4 c6 11.Re1 Be7 12.b3 Nf8 13.Nf1 Ng6 14.Ng3 O-O 15.Nh5 c5 16.Qd2 Nd7
17.Nxg7 Kxg7 18.Qh6+ Kh8 19.Ng5 Bxg5 20.Bxg5 Qe8 21.Re3 f5 22.exf6 Qf7 23.Rh3 Rg8
24.Re1 cxd4 25.Rxe6 Rae8 26.Bxg6  1-0

[Event "Regionalliga SW9899"]
[Site "Bayern"]
[Date "1998.??.??"]
[Round "?"]
[White "Reiter, Marcus"]
[Black "Waelzel, Helmut"]
[Result "1/2-1/2"]
[WhiteElo "2125"]
[BlackElo "2265"]

1.e4 e6 2.d4 d5 3.Nd2 Nc6 4.Ngf3 Nf6 5.Bd3 Nb4 6.O-O Nxd3 7.cxd3 Be7 8.Re1 dxe4
9.dxe4 O-O 10.a3 b6 11.b4 c5 12.bxc5 bxc5 13.Bb2 Bb7 14.Qa4 Qb6 15.Rab1 Qa6
16.Qxa6 Bxa6 17.dxc5 Bxc5  1/2-1/2

[Event "Landesliga Sued 9899"]
[Site "Bayern"]
[Date "1998.??.??"]
[Round "?"]
[White "Lochte, Thomas"]
[Black "Matevzic, Christian"]
[Result "0-1"]
[WhiteElo "2155"]
[BlackElo "2200"]

1.e4 e6 2.d4 d5 3.Nd2 Nc6 4.Ngf3 Nf6 5.e5 Nd7 6.Bd3 f6 7.exf6 Qxf6 8.O-O Bd6
9.Nb3 h6 10.c4 O-O 11.Qe2 dxc4 12.Bxc4 Nb6 13.Bd3 e5 14.Qe4 Bf5 15.Qxf5 Qxf5
16.Bxf5 Rxf5 17.Be3 Nc4 18.Rab1 Re8 19.Rfc1 Nxe3 20.fxe3 exd4 21.Nbxd4 Nxd4
22.exd4 Ra5 23.a3 Rb5 24.Kf2 g5 25.h3 h5 26.b4 g4 27.hxg4 hxg4 28.Ne5 Rf8+
29.Kg3 Rd5 30.Re1 Rxd4 31.Kh4 Rf5 32.Nxg4 Rff4  0-1

[Event "Berliner Sommer 16th"]
[Site "Berlin"]
[Date "1998.??.??"]
[Round "4"]
[White "Darnstaedt, Frank"]
[Black "Poldauf, Dirk"]
[Result "0-1"]
[WhiteElo "2290"]
[BlackElo "2410"]

1.e4 e6 2.d4 d5 3.Nd2 a6 4.Ngf3 c5 5.c3 cxd4 6.cxd4 Nc6 7.Be2 Nf6 8.e5 Nd7
9.O-O f6 10.exf6 Nxf6 11.Re1 Bd6 12.Nf1 O-O 13.Ng3 Qc7 14.Bg5 Bd7 15.Rc1 Rae8
16.Bd3 Qb8 17.Bb1 Re7 18.a3 Be8 19.Qd2 h6 20.Be3 g5 21.Ne5 Bxe5 22.dxe5 Nd7
23.f4 d4 24.Bxd4 Nxd4 25.Qxd4 gxf4 26.Nf1 Rg7 27.Kh1 Qd8 28.Be4 Qg5 29.Rc2 Nxe5
30.Bxb7 Ng4 31.Bf3 e5 32.Qc5 Bg6 33.Rd2 Qh4 34.Ree2 Re8 35.Bxg4 Qxg4 36.Rxe5 Rc8
37.Qd5+ Bf7 38.Qd7 Qxd7 39.Rxd7 Rc1 40.Kg1 Bc4  0-1

[Event "Berliner Sommer 16th"]
[Site "Berlin"]
[Date "1998.??.??"]
[Round "5"]
[White "Belov, Vladimir"]
[Black "Eingorn, Vereslav S"]
[Result "1/2-1/2"]
[WhiteElo "2355"]
[BlackElo "2610"]

1.e4 e6 2.d4 d5 3.Nd2 a6 4.Ngf3 c5 5.Bd3 Nc6 6.exd5 exd5 7.dxc5 Bxc5 8.O-O Nf6
9.Nb3 Be7 10.h3 O-O 11.Re1 Qc7 12.c3 h6 13.Qc2 Bd7 14.Be3 Rae8 15.Rad1 Bd6
16.Bf5 Ne5 17.Nxe5 Bxf5 18.Qxf5 Rxe5 19.Qb1  1/2-1/2

[Event "Berliner Sommer 16th"]
[Site "Berlin"]
[Date "1998.??.??"]
[Round "8"]
[White "Stocek, Jiri"]
[Black "Eingorn, Vereslav S"]
[Result "1-0"]
[WhiteElo "2470"]
[BlackElo "2610"]

1.e4 e6 2.d4 d5 3.Nd2 a6 4.Ngf3 c5 5.c3 cxd4 6.cxd4 dxe4 7.Nxe4 Bd7 8.Bd3 Bc6
9.O-O Be7 10.Neg5 Bxg5 11.Nxg5 Nf6 12.Bf4 Bd5 13.Re1 Nc6 14.Be5 h6 15.Nh3 g5
16.Rc1 Rg8 17.Bb1 Qe7 18.b4 Rd8 19.Qe2 Kf8 20.a3 Ne8 21.Rcd1 f6 22.Bg3 Qf7
23.f4 g4 24.Nf2 f5 25.Ba2 Nd6 26.Bh4 Re8 27.Nd3 Qh5 28.Bg3 Ne4 29.Rc1 Rg7
30.Bxd5 exd5 31.Ne5 Nxd4 32.Qd3 Ne6 33.Qxd5 Rge7 34.Rxe4 fxe4 35.Nd7+ Rxd7
36.Qxh5  1-0

[Event "SLO-HUN mJ"]
[Site "Bled"]
[Date "1998.??.??"]
[Round "1"]
[White "Acs, Peter"]
[Black "Praznik, Niko"]
[Result "0-1"]
[WhiteElo "2450"]
[BlackElo "2200"]

1.e4 e6 2.d4 d5 3.Nd2 Nc6 4.Ngf3 Nf6 5.e5 Nd7 6.Be2 f6 7.exf6 Qxf6 8.Nf1 Bd6
9.Ne3 O-O 10.O-O Qg6 11.c4 Nf6 12.g3 b6 13.Ng2 Ne4 14.Be3 Bb7 15.cxd5 exd5
16.Nfh4 Qf6 17.Rc1 Ne7 18.Nf3 c5 19.Nf4 c4 20.Nh5 Qe6 21.Ne5 Nf5 22.Nf4 Qe8
23.Bg4 Nxe3 24.fxe3 Bxe5 25.dxe5 Qxe5 26.Be6+ Kh8 27.Bxd5 Rfd8 28.Bxb7 Rxd1
29.Rcxd1 Rb8 30.Bd5 Nf6 31.e4 b5 32.Rf2 Rd8 33.Rfd2 g5 34.Ne6 Re8 35.Nc5 b4
36.Rf1 c3 37.Rdf2 Nxd5 38.exd5 Qxd5 39.Na4 Qd4 40.bxc3 bxc3  0-1

[Event "Bled op"]
[Site "Bled"]
[Date "1998.??.??"]
[Round "2"]
[White "Pavasovic, Dusko"]
[Black "Turner, Jan"]
[Result "1/2-1/2"]
[WhiteElo "2505"]
[BlackElo "2300"]

1.e4 e6 2.d4 d5 3.Nd2 a6 4.Bd3 c5 5.dxc5 Bxc5 6.Ngf3 Nc6 7.a3 Nf6 8.O-O dxe4
9.Nxe4 Nxe4 10.Bxe4 Qxd1 11.Rxd1 Bd7 12.Ng5 h6 13.Nxf7 Rf8 14.Be3 Bxe3 15.Nd6+ Ke7
16.fxe3 Rab8 17.Rd2 b5 18.c4 Na5 19.Rad1 Rfd8 20.cxb5 Bxb5 21.Nxb5 Rxd2 22.Rxd2 axb5
23.Rc2 Kd6 24.Bf3 b4 25.Rd2+ Ke7 26.Rd4 bxa3 27.bxa3 Rb3 28.Ra4 Rb5 29.Kf2 Rc5
30.Rb4 Kd6 31.a4 e5 32.Rb6+ Ke7 33.Rb5 Kd6 34.Rxc5 Kxc5 35.Ke2 Kc4 36.Bh5 Nb7
37.Be8 Nd6 38.Bc6 Kc5 39.Bd7 Ne4 40.Kf3 Nf6 41.Bb5 Kb4 42.h3 Kc5 43.Ke2 Kb4
44.Kd3 Kc5 45.Ba6 e4+ 46.Kc3 Nd5+ 47.Kd2 Kb4 48.Bb7 Nf6 49.Bc6 Kc5 50.Ba8 Kb4
51.a5 Kxa5 52.Kc3 Kb6 53.Kd4 Kc7 54.Ke5 Kd7 55.Bxe4 Ke7 56.Bc6 Nh7 57.Kf5 Nf8
58.Ba4 Kd6 59.h4 Ke7 60.g3 Kd6  1/2-1/2